| 000 | 01160nam a2200277 i 4500 | ||
|---|---|---|---|
| 001 | bg | ||
| 100 | 1 |
_aGREGA, Wojciech _d(1948- ) |
|
| 245 | 1 | 0 |
_aMetody i algorytmy sterowania cyfrowego w układach scentralizowanych i rozproszonych / _cWojciech Grega. |
| 260 |
_aKraków : _bUczelniane Wydawnictwa Naukowo-Dydaktyczne Akademii Górniczo-Hutniczej, _c2004. |
||
| 300 |
_a274, [1] s. : _bil. ; _c24 cm. |
||
| 490 | 1 |
_aMonografie / Komitet Automatyki i Robotyki Polskiej Akademii Nauk, _x1640-8969 ; _vt. 7 |
|
| 504 | _aBibliogr. przy rozdz. Indeks. | ||
| 650 | 9 |
_aAlgorytmy _xstosowanie _xtechnika |
|
| 650 | 9 |
_aSterowanie _xmodele matematyczne |
|
| 650 | 9 | _aUkłady cyfrowe | |
| 830 |
_aMonografie / Komitet Automatyki i Robotyki Polskiej Akademii Nauk, _x1640-8969 ; |
||
| 015 | _aPB 6553/2006 | ||
| 020 | _a8389388782 | ||
| 040 | _cBPK | ||
| 041 | 0 | _apol | |
| 080 | _a681.5:004.421:621.3.049.77:519.86 | ||
| 920 | _a83-89388-78-2 | ||
| 942 | _cKS | ||
| 008 | s pl f |000 0 pol | ||
| 999 |
_c52856 _d52856 |
||
| 856 |
_uhttp://koha.tu.koszalin.pl/cgi-bin/koha/opac-detail.pl?biblionumber=52856 _yKatalog online BPK |
||